=LDR 00000nam 2200000 4500 =001 INLIS000000000033131 =990 ##$$a 21004130 =005 20210617100945 =990 ##$$a 21004132 =035 ##$$a 0010-061300000033131 =990 ##$$a 21004131 =008 210617################g##########0#ind## =990 ##$$a 20614355 =041 ##$$a Ind =990 ##$$a 3202100267 =082 ##$$a 364.168 =090 ##$$a 364.168, Wah k =100 ##$$a WAHID, H.Abdul =245 1#$$a Kejahatan Mayantara = Cyber Crime /$c Drs. H.Abdul Wahid, SH., MA., Mohammad Labib, SH. ; editor, Aep Gunarsa =260 ##$$a Bandung :$b Refika Aditama,$c 2005 =300 ##$$a xiv, 160 hlm, ; $c 25 x 16 cm. =650 #4$$a Kejahatan Dunia Maya =850 ##$$a NBPNMAT =020 ##$$a 979-3304-22-7 =084 ##$$a 364.168 WAH k =700 #$$a Labib, Mohammad =990 ##$$a 21004130 =990 ##$$a 21004132 =990 ##$$a 21004131 =990 ##$$a 20614355 =990 ##$$a 34233423 =990 ##$$a 3202100267 =990 ##$$a 21004130 =990 ##$$a 21004132 =990 ##$$a 21004131 =990 ##$$a 20614355